000 00304nam a2200097Ia 4500
082 _a352.3|ACTI
245 0 _aAction learning, leadership and organizational development in public services
100 _a Rigg, Clare London, 2009
_966906
942 _cBK
008 210817s9999 xx 000 0 und d
999 _c215031
_d215030